000 00632cam a22002051 4500
001 med47002312
003 DLC
005 20260227111605.0
008 820221s1947 xx 000 0 eng
010 _amed47002312
035 _a(OCoLC)14674967
040 _aDLC
_cDNLM
_dDLC
042 _apremarc
050 0 0 _aRA436
_b.C64 1946
060 0 _aW3
_bC8485 1946p
111 2 _aConference on Preventive Medicine and Health Economics
_d(1946 :
_cUniversity of Michigan)
245 1 0 _aProceedings ... September 30-October 4, 1946.
260 _aAnn Arbor,
_bUniv. of Michigan, School of Public Health
_c[1947]
300 _av, 245 p.
999 _c38569
_d38569